HER ŞEY YAĞMURLA BAŞLADI (Record no. 683692)

MARC details
000 -LEADER
sabit uzunluktaki kontrol alanı 00254nam a2200097Ia 4500
001 - KONTROL NUMARASI
kontrol alanı 683692
005 - EN SON İŞLEMİN TARİH VE ZAMANI
kontrol alanı 20250826161443.0
008 - SABİT-UZUNLUKTA VERİ ÖĞELERİ--GENEL BİLGİ
sabit uzunluktaki kontrol alanı 250824s9999 xx 000 0 und d
245 #0 - ESER / YAZAR
ESER ADI HER ŞEY YAĞMURLA BAŞLADI
Yazar Adı FAİK ÖZDENGÜL
260 ## - YAYIN, DAĞITIM, VB.
YAYIN EVİ KARATAY YAYINLARI
Holdings
Düşüm durumu Kayıp durumu Hasar Durumu Ödünç verilmez Ana kütüphane Geçerli Kütüphane Edinilen tarih Toplam ödünç verme sayısı Barkod Son görüntüleme tarihi Fiyatın geçerli olmaya başladığı tarih Koha materyal türü
        ADNAN AKGÜL ÖZEL EĞİTİM MESLEK LİSESİ ADNAN AKGÜL ÖZEL EĞİTİM MESLEK LİSESİ 24.08.2025   1018942 26.08.2025 26.08.2025 Books